000 00549cam a22002291 4500
001 sa 63004031
003 DLC
005 20260227111946.0
008 941121s1962 ii 000 1 bano
010 _asa 63004031
025 _aPL480:I-B-390
035 _a(OCoLC)31495093
040 _aDLC
_cCU
_dCU
_dDLC
042 _apremarc
050 0 0 _aPK1718.M7913
_bG6
100 1 _aMukherjee, Hirendranarayan,
_d1906-
245 1 0 _aGodhūli lagna.
260 _c[1962]
300 _a169 p.
_c23 cm.
500 _aIn Bengali.
500 _aA novel.
999 _c55443
_d55443